Алиса в Стране Чудес (Запись № 9845261)

Подробности
000 -МАРКЕР
контрольное поле 01745nam0a2200421 4500
001 - ИДЕНТИФИКАТОР ЗАПИСИ
контрольное поле RU\NLR\BIBL_A\010009333
005 - ИДЕНТИФИКАТОР ВЕРСИИ
контрольное поле 20260608063150.0
010 ## - МЕЖДУНАРОДНЫЙ СТАНДАРТНЫЙ НОМЕР КНИГИ (ISBN)
Номер (ISBN) 978-5-8112-5153-7
Тираж 10000
021 ## - НОМЕР ГОСУДАРСТВЕННОЙ РЕГИСТРАЦИИ
Код страны Российская Федерация
Номер 2016-44462
Номер Листа государственной регистраци 2850
021 ## - НОМЕР ГОСУДАРСТВЕННОЙ РЕГИСТРАЦИИ
Код страны Российская Федерация
Номер 2014-64868
Номер Листа государственной регистраци 3953
021 ## - НОМЕР ГОСУДАРСТВЕННОЙ РЕГИСТРАЦИИ
Код страны Российская Федерация
Номер 2015-66622
Номер Листа государственной регистраци 3985
021 ## - НОМЕР ГОСУДАРСТВЕННОЙ РЕГИСТРАЦИИ
Код страны Российская Федерация
Номер 2016-81478
Номер Листа государственной регистраци 5319
021 ## - НОМЕР ГОСУДАРСТВЕННОЙ РЕГИСТРАЦИИ
Код страны Российская Федерация
Номер 2013-83219
Номер Листа государственной регистраци 5754
035 ## - ДРУГИЕ СИСТЕМНЫЕ НОМЕРА
Идентификатор записи (NILC)RuMoRGB-006682386
035 ## - ДРУГИЕ СИСТЕМНЫЕ НОМЕРА
Идентификатор записи (NLR Aleph) 010009333
100 ## - ДАННЫЕ ОБЩЕЙ ОБРАБОТКИ
Данные общей обработки 20131202d2013 |||y0rusy50 ca
101 1# - ЯЗЫК РЕСУРСА
Язык текста, звукозаписи и т.д. русский
Язык оригинала английский
Язык текста, звукозаписи и т.д. английский
102 ## - СТРАНА ПУБЛИКАЦИИ ИЛИ ПРОИЗВОДСТВА
Страна публикации Российская Федерация
105 ## - ПОЛЕ КОДИРОВАННЫХ ДАННЫХ: ТЕКСТОВЫЕ МАТЕРИАЛЫ, МОНОГРАФИЧЕСКИЕ
Кодированные данные о монографическом текстовом документе a|||z|||000ay
200 1# - ЗАГЛАВИЕ И СВЕДЕНИЯ ОБ ОТВЕТСТВЕННОСТИ
Основное заглавие Алиса в Стране Чудес
Сведения, относящиеся к заглавию [пособие на английском языке для учащихся 5-6 классов]
Первые сведения об ответственности Льюис Кэрролл
Последующие сведения об ответственности адапт. текста, коммент., слов. Г. К. Магидсон-Степановой
-- упр. Е. В. Кошмановой
210 ## - ПУБЛИКАЦИЯ, РАСПРОСТРАНЕНИЕ И ДР.
Место издания, распространения и т.д. Москва
Имя издателя, распространителя и т. д. Айрис-пресс
Дата издания, распространения и т.д. 2013
215 ## - ФИЗИЧЕСКАЯ ХАРАКТЕРИСТИКА
Специфическое обозначение материала и объем 189, [1] с.
Другие сведения о физической характеристике ил.
Размеры 21
225 1# - СЕРИЯ
Основное заглавие серии Английский клуб
Наименование части Elementary
225 1# - СЕРИЯ
Основное заглавие серии Домашнее чтение
333 ## - ПРИМЕЧАНИЯ ОБ ОСОБЕННОСТЯХ РАСПРОСТРАНЕНИЯ И ИСПОЛЬЗОВАНИЯ
Текст примечания 12+
606 1# - НАИМЕНОВАНИЕ ТЕМЫ КАК ПРЕДМЕТ
Наименование темы Английский язык
Формальный подзаголовок Учебные издания
Системный номер авторитетной/нормативной записи 972309
Идентификатор авторитетной/нормативной записи RU\NLR\AUTH\6646032
675 ## - УНИВЕРСАЛЬНАЯ ДЕСЯТИЧНАЯ КЛАССИФИКАЦИЯ (UDC/УДК)
Индекс 373.167.1:811.111
675 ## - УНИВЕРСАЛЬНАЯ ДЕСЯТИЧНАЯ КЛАССИФИКАЦИЯ (UDC/УДК)
Индекс 811.111(075.3)
686 1# - ИНДЕКСЫ ДРУГИХ КЛАССИФИКАЦИЙ
Индекс Ш143.21-93рус91
700 #1 - ИМЯ ЛИЦА - ПЕРВИЧНАЯ ОТВЕТСТВЕННОСТЬ
Графика поля Кириллица
Материалы, к которым относится поле rus
Начальный элемент ввода Кэрролл
Часть имени, кроме начального элемента ввода Л.
Даты 1832-1898
Расширение инициалов личного имени Льюис
Системный номер авторитетной/нормативной записи 120364
Идентификатор авторитетной/нормативной записи RU\NLR\AUTH\7710596
702 #1 - ИМЯ ЛИЦА - ВТОРИЧНАЯ ОТВЕТСТВЕННОСТЬ
Код отношения Автор адаптации
Материалы, к которым относится поле rus
Графика поля Кириллица
Начальный элемент ввода Магидсон-Степанова
Часть имени, кроме начального элемента ввода Г. К.
Расширение инициалов личного имени Галина Константиновна
Идентификатор авторитетной/нормативной записи RU\NLR\AUTH\7711438
Системный номер авторитетной/нормативной записи 121184
801 #0 - ИСТОЧНИК ЗАПИСИ
Страна Российская Федерация
Организация RuMoRKP
Дата составления 20131014
Правила каталогизации RCR
801 #2 - ИСТОЧНИК ЗАПИСИ
Страна Российская Федерация
Организация РГБ
Дата составления 20131030
Правила каталогизации rcr
942 ## - ДОПОЛНИТЕЛЬНЫЕ ЭЛЕМЕНТЫ ЗАПИСИ (АБИС)
Тип экземпляра АБИС Книга
980 ## - КОЛЛЕКЦИЯ
Название коллекции Национальная библиография
Экземпляры
Тип экземпляра Дата поступления Источник поступления Библиотека постоянного хранения Библиотека текущего хранения Место хранения Шифр хранения Штрих-код Статус экземпляра Стоимость Нумерация / хронология для периодики
Книга 02.12.2013 Обязательный экземпляр РНБ (Московский) РНБ (Московский) Русский книжный фонд: издания с 1957 года 2013-3/35576 1-30758      
Книга 02.12.2013 Обязательный экземпляр РНБ (Московский) РНБ (Московский) Обменный фонд   1-30759      
Книга 07.11.2014 Обязательный экземпляр РНБ (Московский) РНБ (Московский) Обменный фонд   1-721162   80.00  
Книга 07.11.2014 Обязательный экземпляр РНБ (Московский) РНБ (Московский) Обменный фонд   1-721489   80.00  
Книга 07.10.2015 Обязательный экземпляр РНБ (Московский) РНБ (Московский) Обменный фонд   1-1151493   70.00 2015
Книга 07.10.2015 Обязательный экземпляр РНБ (Московский) РНБ (Московский) Обменный фонд   1-1151494   80.00 2015
Книга 09.06.2016 Обязательный экземпляр РНБ (Московский) РНБ (Московский) Обменный фонд   1-1302108   70.00 2016
Книга 09.06.2016 Обязательный экземпляр РНБ (Московский) РНБ (Московский) Обменный фонд   1-1302109      
Книга 09.11.2016 Обязательный экземпляр РНБ (Московский) РНБ (Московский) Обменный фонд   1-1627424   75.00 2017
Книга 09.11.2016 Обязательный экземпляр РНБ (Московский) РНБ (Московский) Обменный фонд   1-1627425   65.00 2017